GÜÇLÜ KIZ ÇOCUĞU VİCTORİA (Record no. 731121)

MARC details
000 -LEADER
sabit uzunluktaki kontrol alanı 00268nam a2200097Ia 4500
001 - KONTROL NUMARASI
kontrol alanı 731121
005 - EN SON İŞLEMİN TARİH VE ZAMANI
kontrol alanı 20250826163728.0
008 - SABİT-UZUNLUKTA VERİ ÖĞELERİ--GENEL BİLGİ
sabit uzunluktaki kontrol alanı 250824s9999 xx 000 0 und d
245 #0 - ESER / YAZAR
ESER ADI GÜÇLÜ KIZ ÇOCUĞU VİCTORİA
Yazar Adı KOLLOCH ,ZÖLLER
260 ## - YAYIN, DAĞITIM, VB.
YAYIN EVİ ÇOCUK GEZEGENİ YAYINLARI
Holdings
Düşüm durumu Kayıp durumu Hasar Durumu Ödünç verilmez Ana kütüphane Geçerli Kütüphane Edinilen tarih Toplam ödünç verme sayısı Barkod Son görüntüleme tarihi Fiyatın geçerli olmaya başladığı tarih Koha materyal türü
        ŞEHİT OSMAN DEMİR İLKOKULU ŞEHİT OSMAN DEMİR İLKOKULU 24.08.2025   10142653 26.08.2025 26.08.2025 Books